Welcome to the Holygrace Academy Library

Please use search bar below to get started

ENCYCLOPEDIA MATHEMATICS (Record no. 1299)

MARC details
000 -LEADER
fixed length control field 00360nam a22001457a 4500
082 ## - DEWEY DECIMAL CLASSIFICATION NUMBER
Classification number 030
Item number ASC/E
100 ## - MAIN ENTRY--AUTHOR NAME
Personal name JOJO JOSEPH
245 ## - TITLE STATEMENT
Title ENCYCLOPEDIA MATHEMATICS
Remainder of title MATHEMATICS
246 ## - VARYING FORM OF TITLE
Title proper/short title ENCYCLOPEDIA MATHEMATICS
Remainder of title MATHEMATICS
260 ## - PUBLICATION, DISTRIBUTION, ETC. (IMPRINT)
Place of publication DELHI
Name of publisher ASCEND PUBLICATIONS
Year of publication 2005
300 ## - PHYSICAL DESCRIPTION
Number of Pages 800
520 ## - SUMMARY, ETC.
Summary, etc MATHEMATICS
650 ## - SUBJECT ADDED ENTRY--TOPICAL TERM
Topical Term MATHEMATICS
942 ## - ADDED ENTRY ELEMENTS (KOHA)
Koha item type Books
Holdings
Withdrawn status Lost status Collection code Home library Current library Shelving location Date acquired Source of acquisition Cost, normal purchase price Full call number Accession Number Koha item type
    Reference Main Library Main Library SHELF-5 B REFERENCE MATHS 27/09/2016 Purchase 490.00 030 ASC/E 09764 Books